VIKING CHARACTERS - Statistics

General Stats
  • This quiz has been taken 33 times
  • The average score is 11 of 16
Answer Stats
Picture Answer % Correct
Floki
95%
Ragnar Lothbrok
91%
Björn Ironside
86%
Ivar the Boneless
82%
Rollo
82%
Ubbe
82%
Lagertha
77%
Hvitserk
64%
Athelstan
59%
Helga
59%
Sigurd snake in the eye
59%
Aslaug
55%
King Aelle
55%
Torvi
50%
King Ecbert
45%
Gyda
27%
No matching quizzes found
Score Distribution
Percent of People with Each Score
Percentile by Number Answered
Your Score History
You have not taken this quiz